Instituciones de seguridad social / (Record no. 10628)

MARC details
000 -LEADER
campo de control de longitud fija 00799nam a22002655i 4500
001 - NÚMERO DE CONTROL
campo de control 10628
003 - IDENTIFICADOR DE NÚMERO DE CONTROL
campo de control ES-MaACL
005 - FECHA Y HORA DE LA ÚLTIMA TRANSACCIÓN
campo de control 20250808231724.0
007 - CAMPO FIJO DE DESCRIPCIÓN FÍSICA--INFORMACIÓN GENERAL
campo de control de longitud fija t|
008 - DATOS DE LONGITUD FIJA--INFORMACIÓN GENERAL
campo de control de longitud fija 920428s1995 sp ||||0| spa j
020 ## - NÚMERO INTERNACIONAL ESTÁNDAR DEL LIBRO
Número Internacional Estándar del Libro 84-470-0506-2
040 ## - FUENTE DE CATALOGACIÓN
Centro catalogador/agencia de origen M-BN
Lengua de catalogación spa
Centro/agencia transcriptor M-BN
080 ## - NÚMERO DE LA CLASIFICACIÓN DECIMAL UNIVERSAL
Número de la Clasificación Decimal Universal 349.3:368.4(460)
080 ## - NÚMERO DE LA CLASIFICACIÓN DECIMAL UNIVERSAL
Número de la Clasificación Decimal Universal 368.4(460):349.3
100 1# - ENTRADA PRINCIPAL--NOMBRE DE PERSONA
Nombre de persona Alonso Olea, Manuel.
9 (RLIN) 20374
245 10 - MENCIÓN DEL TÍTULO
Título Instituciones de seguridad social /
Mención de responsabilidad, etc. Manuel Alonso Olea, José Luis Tortuero Plaza.
250 ## - MENCION DE EDICION
Mención de edición 14ª ed. rev.
260 ## - PUBLICACIÓN, DISTRIBUCIÓN, ETC.
Lugar de publicación, distribución, etc. Madrid :
Nombre del editor, distribuidor, etc. Civitas,
Fecha de publicación, distribución, etc. 1995.
300 ## - DESCRIPCIÓN FÍSICA
Extensión 585 p ;
Dimensiones 25 cm.
500 ## - NOTA GENERAL
Nota general Indice.
650 #4 - PUNTO DE ACCESO ADICIONAL DE MATERIA--TÉRMINO DE MATERIA
Término de materia o nombre geográfico como elemento de entrada Derecho de la seguridad social-
Subdivisión geográfica España
9 (RLIN) 11696
700 1# - ENTRADA AGREGADA--NOMBRE PERSONAL
Nombre de persona Tortuero Plaza, José Luis.
9 (RLIN) 111089
852 ## - LOCALIZACIÓN
Ubicación ES-MaACL
Número de control de estantería L-18039
Sublocalización o colección R.124265
Holdings
Estatus retirado Estado de pérdida Estado de daño No para préstamo Biblioteca de origen Biblioteca actual Ubicación en estantería Fecha de adquisición Fuente de adquisición Total de préstamos Signatura topográfica completa Código de barras Visto por última vez Precio de reemplazo Tipo de ítem Koha
        Biblioteca del Ateneo de Madrid Biblioteca del Ateneo de Madrid Depósito 2 17/01/2008     L-18039 1010840 23/02/2023 23/02/2023 Libro impreso